General Knowledge Quiz #215 - Statistics

General Stats
  • This quiz has been taken 43,484 times
  • The average score is 15 of 20
Answer Stats
Question Answer % Correct
What language do the names of the planets come from? Latin
96%
What is the family name of Luke and Anakin? Skywalker
92%
What company released the "Game Boy" in 1989? Nintendo
91%
What is the Arabic word for God? Allah
90%
What video-sharing app was created by the Chinese company ByteDance? TikTok
90%
People with a high one will be more likely to know that the median is 100 and thestandard deviation is 15. What is it? Intelligence quotient
87%
What animal could be described as a "striped equid"? Zebra
87%
What actress supposedly has an anti-fandom who call themselves "Hathahaters"? Anne Hathaway
82%
What sport has a scheduled 20 minute tea break? Test cricket
79%
What was the first European country to colonize New York City? Netherlands
78%
In terms of animal populations, what is worse than "vulnerable"but better than "extinct"? Endangered
76%
What species was first identified from remains found in the Neander valleyin present-day Germany? Neanderthal
74%
Two Australian states are named for Queen Victoria. One is Victoria. What is the other? Queensland
74%
What element is "fixed" from the atmosphere to make fertilizer? Nitrogen
73%
Who was discovered by the Pharaoh's daughter, floating in a basket in the Nile River? Moses
71%
What is the English title of Victor Hugo's novel "Notre-Dame de Paris"? The Hunchback ofNotre-Dame
71%
What percussion instrument has a name starting and ending in g? Gong
69%
What is a corsage made of? Flowers
64%
What word is a homophone of "marshal"? Martial
52%
What fearsome animals can sometimes be seen roving the streets in Churchill, Manitoba on the shores of Hudson Bay? Polar bears
40%
No matching quizzes found
Score Distribution
Percent of People with Each Score
Percentile by Number Answered
Your Score History
You have not taken this quiz